Kdy praskne bitcoinová bublina?

O náraste popularity virtuálnej meny bitcoin a jej rizikách, v rozhovore s finančným expertom Arturom Brisom.

Gespeichert in:
Bibliographische Detailangaben
1. Verfasser: Houdek, Tomáš
Weitere Verfasser: Bris, Arturo
Format: Buchkapitel
Sprache:Tschechisch
Schlagworte:
Tags: Tag hinzufügen
Keine Tags, Fügen Sie das erste Tag hinzu!

MARC

LEADER 00000naa a2200000 4500
001 0193856
005 20231211083423.6
041 0 |a cze 
044 |a CZ 
245 1 0 |a Kdy praskne bitcoinová bublina?  |c Tomáš Houdek, Arturo Bris 
520 |a O náraste popularity virtuálnej meny bitcoin a jej rizikách, v rozhovore s finančným expertom Arturom Brisom. 
610 2 0 |a mena 
610 2 0 |a mena virtuálna 
610 2 0 |a báza menová 
610 2 0 |a obeživo 
610 2 0 |a prostriedky platobné 
610 2 0 |a trh menový 
610 2 0 |a teória peňažná 
100 1 |a Houdek, Tomáš 
700 1 |a Bris, Arturo